| 000 | 00429nam a22001577a 4500 | ||
|---|---|---|---|
| 999 |
_c12671 _d12671 |
||
| 008 | 210212b ||||| |||| 00| 0 eng d | ||
| 082 | 0 | 0 |
_a778 _bD2956 |
| 100 |
_94781 _aDeckoff, Harold B |
||
| 245 | 1 | 0 |
_aThe Free lance photographer's handbook _cby Harold B Deckoff |
| 250 | _a1st ed. | ||
| 260 |
_aNew York: _b Falk publications _c1956 |
||
| 300 | _a249p. | ||
| 650 | 0 | _aPhotography | |
| 650 | 0 | _aPhoto Journalism | |
| 942 | _cBK | ||